=LDR 00000nam 2200000 4500 =001 INLIS000000000010198 =005 20230227115853 =035 ##$$a 0010-061300000010198 =008 230227###########################0###### =041 ##$$a Ind =082 ##$$a 419.8 =090 ##$$a 419.8, Pur s =100 ##$$a Purba, Theodorus T =245 1#$$a Sintaksis Bahasa Gresi /$c Theodorus T. Purba =260 ##$$a Jakarta :$b Pusat Bahasa,$c 2002 =300 ##$$a xiii, 250 hlm ; $c 21 cm =650 #4$$a Bahasa Gresi-Sintaksis =850 ##$$a NBPNMAT =020 ##$$a 979-685-272-1 =084 ##$$a 419.8 PUR s =990 ##$$a 0001/BPAP-NTB/20142014